Big Countries With Short Names - Statistics

General Stats
  • This quiz has been taken 79 times
  • The average score is 15 of 19
Answer Stats
Area/Letter Country % Correct
1,928,164 China
99%
657,518 India
97%
2,849,707 Russia
97%
1,664,112 Canada
90%
1,419,146 Brazil
88%
327,396 Mexico
88%
321,000 Chad
84%
321,304 Peru
82%
412,049 Iran
81%
351,908 Libya
79%
253,400 Niger
78%
793,872 United States
78%
310,048 Mali
77%
854,669 Australia
75%
340,249 Algeria
70%
377,214 Sudan
67%
308,933 Argentina
66%
272,490 Kazakhstan
60%
211,619 Indonesia
55%
No matching quizzes found
Score Distribution
Percent of People with Each Score
Percentile by Number Answered
Your Score History
You have not taken this quiz